| 000 | 00597nam a2200205Ia 4500 | ||
|---|---|---|---|
| 008 | 191130s2002##################000#0#eng## | ||
| 020 | _a9780074710425 | ||
| 022 | _a80464013 | ||
| 040 |
_aACL _cACL |
||
| 082 | _a650.01513 CRO | ||
| 100 | _aCroucher, John S | ||
| 245 |
_aIntroductory mathematics & statistics for business _c[by] John S. Croucher |
||
| 260 |
_aNew York _bMcGraw-Hill _c2002 |
||
| 300 | _a1 v. (various pagings) : ill. ; 24 cm | ||
| 500 | _aIncludes Glossary | ||
| 650 | _aStatistics | ||
| 990 | _ac464440dac10000c456ad54601631f6c | ||
| 991 | _a357796 | ||
| 999 |
_c220346 _d220346 |
||